000 00519nam a2200181Ia 4500
005 20250326141700.0
008 250326s9999 xx 000 0 und d
020 _a0-8448-1571-3
037 _aTextbook
040 _aFMSL
_beng
_cFMSL
041 _aeng
_2eng
084 _aX.58 M9
_qFMSL
245 0 _aJoint ventures as a form of international economic cooperations
260 _aNew York
_bNew York, Tayler & Francis
_c1989
300 _aviii,199
942 _cTB
_hX.58 M9
999 _c1291473
_d1291473